000
00307nam a22001331a 4500
082
_a
H3 PAR JAL
_b
100
_a
Parmar Ranjan
245
_a
Jalvanti/
_c
by Parmar Ranjan
260
_a
New Delhi:
_b
Satsahitya,
_c
1998.
300
_a
103p.
650
_a
Literature Hindi
650
_a
Literature
942
_c
BK
999
_c
21430
_d
21430